000 00416nam a2200145 i 4500
001 bg
100 1 _aIngarden, Roman Stanisław
_d(1920-2011).
245 0 _aElektrodynamika klasyczna /
_cStanisław Roman Ingarden, Andrzej Jamiołowski.
260 _aWarszawa,
_c1981.
700 1 _aJamiołkowski, Andrzej
_d(1946- ).
040 _cBPK
041 _apol
942 _cKS
008 s pl f |000 0 pol
999 _c20226
_d20226
856 _uhttp://koha.tu.koszalin.pl/cgi-bin/koha/opac-detail.pl?biblionumber=20226
_yKatalog online BPK